000 00729nam a22002177a 4500
003 UA-OsUOA
001 54579
007 ta
008 20080623b un ||||| |||| 00| 0 ukr d
100 _aДаниленко А.А.
090 _a330(477)
_bД-12
942 _cSA
040 _aUA-OsUOA
_bukr
_cUA-OsUOA
_dUA-OsUOA
245 _aАктуальні питання прямих іноземних інвестицій до України з ЄС (у контексті розширення Євросоюзу на Схід)
300 _aС.127-138
955 _a0
041 _aukr
080 _a330(477)
773 0 _w54577
_tФінанси України
_dК.
_d2008
_g1
650 7 _a330 Економіка взагалі
_2UDC
999 _c340614
_d340614